000 00588nam a2200169 i 4500
001 35919
003 ES-MaACL
005 20230906155238.0
007 t|
008 030214s1971 sp ||||1| spa d
100 1 _aBourcier, Arlette.
_930950
245 1 3 _aEl niño, reflejo de sus padres
_b: importancia de las actitudes conyugales y paternas en la educación /
_cArlette Bourcier ; [versión José María de Rotaeche].
260 _aBilbao :
_bMensajero,
_c[1971]
300 _a161 p. ;
_c19 cm.
700 1 _aRotaeche, José María de.
_999934
852 _aES-MaACL
_jC-50552
_bR.79004
999 _c35919
_d35919